000 00298nam a2200109Ia 4500
008 200302s9999 xx 000 0 und d
100 _aErice Howeler
245 _aSkyscraper Designs of the Recent Past and for the Near Future
260 _bThames and Hudson Ltd.
260 _c2002
300 _a239 P.,
999 _c2833
_d2833